000 00647nam a2200217Ia 4500
003 GCL
008 140319s9999 xx 000 0 ara d
040 _aGCL /
_cGCL
082 0 4 _a301.2
_bت ت
100 1 _aكمال الكيلانى
245 1 0 _aالتطور الاجتماعى /
_cكمال الكيلانى
700 1 _aكمال الملاخ
700 1 _aلطفى فطيم (مترجم)
700 1 _aتشايلد، جوردون
300 _a208 ص
490 _aالالف كتاب
_v0
650 0 4 _aالانثربولوجيا
650 0 4 _aالاجتماع الحضرى
650 0 4 _aالانثوجرافيا
942 _2ddc
_cBK
999 _c43482
_d43482